Guadalajara - Choix Multiples - Statistiques

Statistiques générales
  • Ce quiz a été pris 38 fois
  • Le résultat moyen est 5 sur 10
Statistiques - réponses
Question Réponse % Correct
À une heure de route de Guadalajara se trouve une ville célèbre pour ses champs d’agave et sa boisson éponyme. Laquelle ? Tequila
89%
Quel genre musical traditionnel est originaire de la région de Guadalajara ? Mariachi
86%
Où se situe la ville de Guadalajara ?
63%
Quel image montre la cathédrale de Guadalajara ?
54%
En quelle année Miguel Hidalgo a-t-il aboli l’esclavage à Guadalajara ? 1821
51%
En quelle année la ville a-t-elle été fondée à son emplacement actuel ? 1542
46%
Quelle équipe de football de Guadalajara est l’une des plus populaires du Mexique ? Chivas
46%
Quel sport d’origine espagnole est populaire à Guadalajara et se joue avec une pelote de caoutchouc ? Frontón
26%
À quel saint la ville doit-elle son nom ? Saint Didier
20%
Quel est le surnom poétique de Guadalajara ? La Perle de l’Occident
14%
Aucun quiz correspondant
Distribution des résultats
% des personnes avec chaque résultat
Percentile par nombre de réponses
Votre historique - résultats
Vous n’avez pas pris ce quiz